ইচ্ছের ফুলগুলি (Record no. 3887)
[ view plain ]
| 000 -LEADER | |
|---|---|
| fixed length control field | 00514nam a2200157Ia 4500 |
| 008 - FIXED-LENGTH DATA ELEMENTS--GENERAL INFORMATION | |
| fixed length control field | 151213s9999 xx 000 0 und d |
| 020 ## - INTERNATIONAL STANDARD BOOK NUMBER | |
| International Standard Book Number | 984-8527-05-2 |
| 100 ## - MAIN ENTRY--PERSONAL NAME | |
| Personal name | হাজেরা নজরুল |
| 245 ## - TITLE STATEMENT | |
| Title | ইচ্ছের ফুলগুলি |
| Statement of responsibility, etc. | হাজেরা নজরুল |
| 260 ## - PUBLICATION, DISTRIBUTION, ETC. (IMPRINT) | |
| Place of publication, distribution, etc. | ঢাকা |
| Name of publisher, distributor, etc. | ধানশালিক |
| Date of publication, distribution, etc. | 2009 |
| 300 ## - PHYSICAL DESCRIPTION | |
| Extent | 7317 p. |
| 650 ## - SUBJECT ADDED ENTRY--TOPICAL TERM | |
| Topical term or geographic name as entry element | Bangla |
| 650 ## - SUBJECT ADDED ENTRY--TOPICAL TERM | |
| Topical term or geographic name as entry element | বাংলা সাহিত্য |
| 700 ## - ADDED ENTRY--PERSONAL NAME | |
| Personal name | হাজেরা নজরুল |
No items available.
